| 000 | 00502nam a2200205Ia 4500 | ||
|---|---|---|---|
| 008 | 170918s9999 xx 000 0 und d | ||
| 020 | _a9780439686242 | ||
| 050 | _bA456 2004 | ||
| 100 | _aAlphonso, Sophie | ||
| 245 | _aTrapped in space : the story of apollo 13 / | ||
| 245 | _cSophie Alphonso. | ||
| 260 | _aNew York : | ||
| 260 | _bScholastic, | ||
| 260 | _c2004 | ||
| 300 | _a40 pages : | ||
| 300 | _bcolored illustration ; | ||
| 300 | _c19cm. | ||
| 440 | _aRead 180. | ||
| 500 | _a580 | ||
| 999 |
_c341528 _d341528 |
||